[Event "St Eufemia d'Aspromonte op-B 4th"]
[Site "St Eufemia d'Aspromonte"]
[Date "2011.01.03"]
[Round "3"]
[White "Zarzaca, Antonio"]
[Black "Luppino, Domenico"]
[Result "1-0"]
[WhiteElo "1502"]
[BlackElo "1512"]
[PlyCount "79"]
[EventDate "2011.01.02"]
[EventType "swiss"]
[EventRounds "8"]
[EventCountry "ITA"]
[SourceTitle "EXT 2013"]
[Source "ChessBase"]
[SourceDate "2012.11.22"]
[SourceVersion "1"]
[SourceVersionDate "2012.11.22"]
[SourceQuality "1"]

1. f4 d5 2. e3 Bf5 3. b3 e6 4. Bb2 Nf6 5. Nf3 Nc6 6. Bb5 Qd7 7. Ne5 Qd6 8. 0-0 Nd7 9. Ba3 Nc5 10. d4 Rb8 11. Bxc5 Qd8 12. Bxc6+ bxc6 13. Nxc6 Qc8 14. Nxb8 Bxc5 15. dxc5 Qxb8 16. Qd4 f6 17. Qa4+ Ke7 18. c3 Qb7 19. Nd2 h6 20. Nf3 Be4 21. Qa3 Kf7 22. Nd4 g5 23. f5 e5 24. Ne2 d4 25. cxd4 Bxg2 26. Rf2 Bh3 27. Ng3 h5 28. Rc1 Qc6 29. e4 h4 30. d5 Qa8 31. Nf1 g4 32. Rc3 Rg8 33. Qa4 Ke7 34. d6+ cxd6 35. cxd6+ Kxd6 36. Rd2+ Ke7 37. Qd7+ Kf8 38. Rc8+ Qxc8 39. Qxc8+ Kg7 40. Rd7+ 1-0